[Event "Ruhrgebiet Verbandsliga Gruppe 2 1819"]
[Site "Nordrheinwestfalen"]
[Date "2018.10.07"]
[Round "2.4"]
[White "Hufelschulte, Norbert"]
[Black "Geerlings, Gerd"]
[Result "1/2-1/2"]
[WhiteElo "2013"]
[BlackElo "2024"]
[PlyCount "108"]
[EventDate "2018.09.23"]
[EventType "team-tourn"]
[EventRounds "9"]
[EventCountry "GER"]
[SourceTitle "EXT 2022"]
[Source "ChessBase"]
[SourceDate "2021.10.06"]
[SourceVersion "1"]
[SourceVersionDate "2021.10.06"]
[SourceQuality "1"]
[WhiteTeam "Hamm SV"]
[BlackTeam "Essen Katernberg III"]
[WhiteTeamCountry "GER"]
[BlackTeamCountry "GER"]

1. d4 Nf6 2. c4 d6 3. Nc3 e5 4. dxe5 dxe5 5. Qxd8+ Kxd8 6. Bg5 c6 7. g3 h6 8. Bd2 Be6 9. b3 Ba3 10. Bh3 Re8 11. Bxe6 Rxe6 12. Nh3 Nbd7 13. 0-0 Ke8 14. Bc1 Bb4 15. Bb2 Nc5 16. Rfd1 a5 17. Rab1 a4 18. bxa4 Bxc3 19. Bxc3 Rxa4 20. Bb4 Na6 21. a3 c5 22. Be1 b6 23. f4 Nd7 24. fxe5 g5 25. Rd6 Ke7 26. Rbd1 Nxe5 27. Rxe6+ Kxe6 28. Bc3 Rxc4 29. Bxe5 Kxe5 30. Rd7 Rd4 31. Ra7 Ra4 32. Rb7 Rxa3 33. Rxb6 c4 34. Nf2 Nc5 35. Ng4+ Kd4 36. Rd6+ Kc3 37. Ne5 Ne4 38. Rxh6 Ra5 39. Nc6 Rc5 40. e3 Kd3 41. Nb4+ Kxe3 42. Rh7 Rb5 43. Nc2+ Kd2 44. Na3 Rc5 45. Rxf7 c3 46. Re7 Nf6 47. Re6 Nd5 48. Re5 Kc1 49. Re2 Nb4 50. Kf2 Rf5+ 51. Ke3 Kd1 52. Rg2 Kc1 53. Kd4 Nc6+ 54. Kc4 Ne5+ 1/2-1/2

[Event "Ruhrgebiet Verbandsliga Gruppe 2 1718"]
[Site "Germany"]
[Date "2017.10.08"]
[Round "2.5"]
[White "Loeffelbein, Klaus"]
[Black "Hufelschulte, Norbert"]
[Result "0-1"]
[WhiteElo "1855"]
[BlackElo "2021"]
[PlyCount "60"]
[EventDate "2017.09.17"]
[EventType "team-tourn"]
[EventRounds "9"]
[EventCountry "GER"]
[SourceTitle "EXT 2022"]
[Source "ChessBase"]
[SourceDate "2021.10.06"]
[SourceVersion "1"]
[SourceVersionDate "2021.10.06"]
[SourceQuality "1"]
[WhiteTeam "Gerthe Werne"]
[BlackTeam "Hamm SV"]
[WhiteTeamCountry "GER"]
[BlackTeamCountry "GER"]

1. d4 Nf6 2. c4 g6 3. Nc3 d5 4. cxd5 Nxd5 5. Nf3 Bg7 6. e4 Nxc3 7. bxc3 0-0 8. Bc4 c5 9. Rb1 Nc6 10. Be3 Qc7 11. Qc1 Na5 12. Bf4 Qd8 13. Be2 Bg4 14. d5 e6 15. 0-0 exd5 16. exd5 Qxd5 17. h3 Bf5 18. Rb5 b6 19. Nh4 Rad8 20. c4 Qe6 21. Re1 Qc8 22. Nxf5 Qxf5 23. Bg4 Qd3 24. Be2 Qc3 25. Qb1 Rfe8 26. Rc1 Qd4 27. Be3 Rxe3 28. Rd1 Rxe2 29. Rxd4 Rxd4 30. g3 Rdd2 0-1

[Event "Ruhrgebiet Verbandsliga Gruppe 2 1516"]
[Site "Germany"]
[Date "2016.01.24"]
[Round "6.6"]
[White "Thiemann, Sebastian"]
[Black "Hufelschulte, Norbert"]
[Result "0-1"]
[WhiteElo "1809"]
[BlackElo "2016"]
[PlyCount "94"]
[EventDate "2015.09.06"]
[EventType "team-tourn"]
[EventRounds "9"]
[EventCountry "GER"]
[SourceTitle "EXT 2022"]
[Source "ChessBase"]
[SourceDate "2021.10.06"]
[SourceVersion "1"]
[SourceVersionDate "2021.10.06"]
[SourceQuality "1"]
[WhiteTeam "Wanne-Eickel SV Unser Fritz"]
[BlackTeam "Hamm SV"]
[WhiteTeamCountry "GER"]
[BlackTeamCountry "GER"]

1. e4 c5 2. Nf3 d6 3. d4 cxd4 4. Nxd4 Nf6 5. Nc3 a6 6. Be2 e5 7. Nb3 Be6 8. Bg5 Nbd7 9. Qd2 Qc7 10. 0-0 Be7 11. Rad1 0-0 12. Rfe1 Rac8 13. Qe3 b5 14. Rd2 Nb6 15. Bxf6 Bxf6 16. Nd5 Bxd5 17. exd5 Nc4 18. Bxc4 bxc4 19. Nc1 c3 20. bxc3 Qxc3 21. Nb3 Qxe3 22. fxe3 e4 23. Nd4 Bxd4 24. exd4 f5 25. Re3 Rc4 26. Ra3 Ra8 27. c3 a5 28. Rb2 Rac8 29. Rxa5 Rxc3 30. Ra6 e3 31. Kf1 Rc2 32. Rxc2 Rxc2 33. a4 Rf2+ 34. Ke1 Rxg2 35. Rxd6 Ra2 36. Re6 Rxa4 37. Rxe3 Rxd4 38. Re5 g6 39. Kf2 Kf7 40. Ke3 Rd1 41. h4 Re1+ 42. Kf4 Rxe5 43. Kxe5 Ke7 44. h5 Kd7 45. d6 Ke8 46. Kf4 Kd8 47. Ke5 Kd7 0-1

[Event "Ruhrgebiet Regionalliga 1415"]
[Site "Germany"]
[Date "2015.05.03"]
[Round "9.3"]
[White "Kemna, Guido"]
[Black "Hufelschulte, Norbert"]
[Result "1/2-1/2"]
[WhiteElo "2156"]
[BlackElo "2016"]
[PlyCount "83"]
[EventDate "2014.09.28"]
[EventType "team-tourn"]
[EventRounds "9"]
[EventCountry "GER"]
[SourceTitle "EXT 2022"]
[Source "ChessBase"]
[SourceDate "2021.10.06"]
[SourceVersion "1"]
[SourceVersionDate "2021.10.06"]
[SourceQuality "1"]
[WhiteTeam "Welper SV"]
[BlackTeam "Hamm SV"]
[WhiteTeamCountry "GER"]
[BlackTeamCountry "GER"]

1. e4 c5 2. Nf3 Nc6 3. Bb5 g6 4. 0-0 Bg7 5. c3 Nf6 6. Re1 a6 7. Bxc6 dxc6 8. h3 c4 9. b3 cxb3 10. axb3 0-0 11. d4 Nd7 12. Ra2 e5 13. d5 cxd5 14. exd5 f5 15. Ba3 Re8 16. c4 e4 17. Rae2 Ne5 18. Nxe5 Bxe5 19. f3 Bg3 20. Qd4 Be5 21. Qf2 Qf6 22. Kh1 exf3 23. Qxf3 Bd7 24. Nd2 Bc3 25. Bc1 Rxe2 26. Rxe2 Re8 27. Qf1 Rxe2 28. Qxe2 Qe5 29. Qf1 Kg7 30. Nf3 Qe4 31. Qd1 h6 32. Ba3 g5 33. Bc5 g4 34. hxg4 fxg4 35. Bd4+ Bxd4 36. Nxd4 g3 37. Nf3 Kf7 38. Qc1 Kg7 39. Qc3+ Kh7 40. Qf6 Qb1+ 41. Ng1 Qf5 42. Qe7+ 1/2-1/2

[Event "Ruhrgebiet VL2 0910"]
[Site "Germany"]
[Date "2009.10.04"]
[Round "2.4"]
[White "Bollwerk, Markus"]
[Black "Hufelschulte, Norbert"]
[Result "1/2-1/2"]
[WhiteElo "2083"]
[BlackElo "2005"]
[PlyCount "81"]
[EventDate "2009.09.06"]
[EventType "team-tourn"]
[EventRounds "9"]
[EventCountry "GER"]
[SourceTitle "EXT 2011"]
[Source "ChessBase"]
[SourceDate "2010.11.26"]
[SourceVersion "1"]
[SourceVersionDate "2010.11.26"]
[SourceQuality "1"]
[WhiteTeam "Eichlinghofen SV"]
[BlackTeam "Hamm SVg"]
[WhiteTeamCountry "GER"]
[BlackTeamCountry "GER"]

1. e4 c5 2. Nf3 d6 3. d4 cxd4 4. Nxd4 Nf6 5. Nc3 a6 6. Bg5 Nbd7 7. Bc4 Qc7 8. Bb3 e6 9. Qe2 Nc5 10. 0-0-0 Be7 11. f4 0-0 12. Kb1 Nxb3 13. axb3 h6 14. Bh4 Re8 15. g4 Nxe4 16. Nxe4 Bxh4 17. Nf3 d5 18. Nxh4 dxe4 19. Ng2 a5 20. Rd4 Bd7 21. g5 hxg5 22. fxg5 Bc6 23. Ne3 Rad8 24. Rxd8 Rxd8 25. Rg1 Be8 26. Ng4 Qc5 27. Rg2 Qxg5 28. h4 Qxh4 29. Rh2 Qg5 30. Rh5 Qd2 31. Qxe4 f5 32. Qxe6+ Bf7 33. Qxf5 Bxh5 34. Qxh5 Qd1+ 35. Ka2 Qxc2 36. Ne5 Rd1 37. Qf7+ Kh7 38. Qh5+ Kg8 39. Qe8+ Kh7 40. Qh5+ Kg8 41. Qf7+ 1/2-1/2

[Event "Ruhrgebiet VK1 0708"]
[Site "Germany"]
[Date "2007.12.09"]
[Round "4.3"]
[White "Hufelschulte, Norbert"]
[Black "Ozerov, Ilja"]
[Result "1/2-1/2"]
[WhiteElo "2063"]
[BlackElo "1949"]
[PlyCount "81"]
[EventDate "2007.09.16"]
[EventType "team"]
[EventRounds "9"]
[EventCountry "GER"]
[SourceTitle "EXT 2009"]
[Source "ChessBase"]
[SourceDate "2008.11.26"]
[SourceVersion "1"]
[SourceVersionDate "2008.11.26"]
[SourceQuality "1"]
[WhiteTeam "Hamm"]
[BlackTeam "Muelheim Nord III"]
[WhiteTeamCountry "GER"]
[BlackTeamCountry "GER"]

1. d4 f5 2. g3 Nf6 3. Bg2 g6 4. c3 Bg7 5. Qb3 d5 6. Nf3 0-0 7. 0-0 c6 8. Bf4 Ne4 9. Nbd2 Nxd2 10. Nxd2 Nd7 11. Nf3 h6 12. h4 Qe8 13. Qc2 Kh7 14. Qc1 Nf6 15. Be5 b6 16. a4 a5 17. Re1 Ng4 18. Bxg7 Kxg7 19. Qf4 Qd7 20. Ne5 Nxe5 21. Qxe5+ Kh7 22. e3 Ba6 23. Bf1 Bxf1 24. Rxf1 g5 25. hxg5 hxg5 26. Kg2 Qd6 27. Rh1+ Kg6 28. Qxd6+ exd6 29. Rh2 Rh8 30. Rah1 Rxh2+ 31. Rxh2 b5 32. axb5 cxb5 33. Rh1 Rc8 34. Ra1 Ra8 35. Kf3 Ra7 36. g4 Ra8 37. Kg3 Ra7 38. Kf3 Ra8 39. Kg3 Ra7 40. Kf3 Ra8 41. Kg3 1/2-1/2

[Event "Ruhrgebiet VL2 0405"]
[Site "Ruhrgebiet"]
[Date "2005.02.20"]
[Round "7.5"]
[White "Patzer, Joerg"]
[Black "Hufelschulte, Norbert"]
[Result "0-1"]
[WhiteElo "2000"]
[BlackElo "2019"]
[PlyCount "88"]
[EventDate "2004.09.12"]
[EventType "team"]
[EventRounds "9"]
[EventCountry "GER"]
[SourceTitle "EXT 2006"]
[Source "ChessBase"]
[SourceDate "2005.11.24"]
[SourceVersion "1"]
[SourceVersionDate "2005.11.24"]
[SourceQuality "1"]
[WhiteTeam "Horst"]
[BlackTeam "Hamm 1911"]
[WhiteTeamCountry "GER"]
[BlackTeamCountry "GER"]

1. f4 c5 2. b3 Nf6 3. Nf3 g6 4. Bb2 Bg7 5. e3 0-0 6. Be2 d6 7. 0-0 Nc6 8. Qe1 e5 9. fxe5 Ng4 10. h3 Ngxe5 11. Nc3 Nb4 12. Qc1 Be6 13. a3 Nbc6 14. Qe1 d5 15. Nd1 d4 16. Nxe5 Bxe5 17. Bf3 Bc7 18. Qf2 Qd6 19. g4 f5 20. Qg2 fxg4 21. hxg4 Rxf3 22. Rxf3 Bd5 23. Nf2 Bxf3 24. Qxf3 Qh2+ 25. Kf1 Rf8 26. Qg2 Qh4 27. Ke2 Bg3 28. Rf1 Bxf2 29. Rxf2 Rxf2+ 30. Qxf2 Qxg4+ 31. Ke1 Qf5 32. Qg2 h5 33. exd4 cxd4 34. Kd1 Kf7 35. Qe2 Qg4 36. Qxg4 hxg4 37. b4 g5 38. c4 dxc3 39. Bxc3 Ke6 40. Ke2 Kd5 41. d3 g3 42. Ke3 Nd4 43. Bb2 a6 44. Bc3 g2 0-1

[Event "Ruhrgebiet VL2 0405"]
[Site "Ruhrgebiet"]
[Date "2005.01.09"]
[Round "5.5"]
[White "Klempt, Guenter"]
[Black "Hufelschulte, Norbert"]
[Result "1/2-1/2"]
[WhiteElo "1943"]
[BlackElo "2019"]
[PlyCount "123"]
[EventDate "2004.09.12"]
[EventType "team"]
[EventRounds "9"]
[EventCountry "GER"]
[SourceTitle "EXT 2006"]
[Source "ChessBase"]
[SourceDate "2005.11.24"]
[SourceVersion "1"]
[SourceVersionDate "2005.11.24"]
[SourceQuality "1"]
[WhiteTeam "Bochum Post"]
[BlackTeam "Hamm 1911"]
[WhiteTeamCountry "GER"]
[BlackTeamCountry "GER"]

1. d4 d5 2. c4 c6 3. Nf3 Nf6 4. Nc3 dxc4 5. e3 Bf5 6. Bxc4 e6 7. 0-0 Be7 8. Re1 0-0 9. e4 Bg4 10. Be3 Nbd7 11. Rc1 Bb4 12. Bg5 h6 13. Bh4 Qb6 14. a3 Bxc3 15. bxc3 Qa5 16. a4 Qh5 17. Bg3 Bxf3 18. Qxf3 Qxf3 19. gxf3 Nh5 20. Bd6 Rfd8 21. Bc7 Rdc8 22. Bd6 Rd8 23. a5 b5 24. Be2 g5 25. c4 a6 26. cxb5 cxb5 27. Rc7 Ndf6 28. Be5 Ne8 29. Rc6 f6 30. Bg3 Nxg3 31. fxg3 Kf7 32. Rd1 Rd6 33. Rxd6 Nxd6 34. e5 Nb7 35. Rc1 Nxa5 36. Rc7+ Kg8 37. exf6 Rf8 38. Ra7 Rxf6 39. Rxa6 Nb3 40. Bxb5 Nxd4 41. Bc4 Nxf3+ 42. Kg2 Ne1+ 43. Kh3 Kf7 44. Kg4 Kg6 45. h4 h5+ 46. Kh3 g4+ 47. Kh2 Nf3+ 48. Kg2 Nd4 49. Rd6 e5 50. Rxf6+ Kxf6 51. Kf2 Nf5 52. Bd3 Ne7 53. Bb5 Kf7 54. Bd7 Nd5 55. Bc6 Ke6 56. Be8 Nf6 57. Bg6 e4 58. Ke3 Ke5 59. Bf7 Nd5+ 60. Ke2 Nf6 61. Ke3 Nd5+ 62. Ke2 1/2-1/2

[Event "Ruhrgebiet VL2 0405"]
[Site "Ruhrgebiet"]
[Date "2004.10.10"]
[Round "2.5"]
[White "Hufelschulte, Norbert"]
[Black "Mroczek, Mathias"]
[Result "1-0"]
[WhiteElo "2019"]
[BlackElo "2081"]
[PlyCount "72"]
[EventDate "2004.09.12"]
[EventType "team"]
[EventRounds "9"]
[EventCountry "GER"]
[SourceTitle "EXT 2006"]
[Source "ChessBase"]
[SourceDate "2005.11.24"]
[SourceVersion "1"]
[SourceVersionDate "2005.11.24"]
[SourceQuality "1"]
[WhiteTeam "Hamm 1911"]
[BlackTeam "Muelheim Nord III"]
[WhiteTeamCountry "GER"]
[BlackTeamCountry "GER"]

1. d4 e6 2. c4 Bb4+ 3. Bd2 Bxd2+ 4. Nxd2 Nf6 5. e4 d6 6. Ngf3 Nc6 7. Bd3 e5 8. d5 Ne7 9. c5 Ng6 10. cxd6 cxd6 11. 0-0 0-0 12. Qb3 Nd7 13. Rfc1 Nc5 14. Qa3 Nf4 15. Bf1 Qf6 16. b4 Nd7 17. g3 Ng6 18. Qc3 Nb6 19. a4 Bg4 20. a5 Rfc8 21. Qe3 Rxc1 22. Rxc1 Rc8 23. Rxc8+ Nxc8 24. Ne1 h5 25. Qc3 Qd8 26. Nc2 a6 27. b5 axb5 28. Bxb5 Na7 29. Bf1 Nf8 30. Ne3 Bd7 31. Qb4 Qc7 32. Ndc4 Nb5 33. Nxe5 dxe5 34. Bxb5 Qc1+ 35. Bf1 Bh3 36. Qxb7 Ng6 1-0

[Event "Ruhrgebiet VL2 0405"]
[Site "Ruhrgebiet"]
[Date "2004.09.12"]
[Round "1.4"]
[White "Hufelschulte, Norbert"]
[Black "Volesky, Karl Heinz"]
[Result "1/2-1/2"]
[WhiteElo "2019"]
[BlackElo "2030"]
[PlyCount "38"]
[EventDate "2004.09.12"]
[EventType "team"]
[EventRounds "9"]
[EventCountry "GER"]
[SourceTitle "EXT 2006"]
[Source "ChessBase"]
[SourceDate "2005.11.24"]
[SourceVersion "1"]
[SourceVersionDate "2005.11.24"]
[SourceQuality "1"]
[WhiteTeam "Hamm 1911"]
[BlackTeam "Ahlen"]
[WhiteTeamCountry "GER"]
[BlackTeamCountry "GER"]

1. d4 Nf6 2. c4 g6 3. Nc3 Bg7 4. e4 d6 5. f3 0-0 6. Be3 e5 7. d5 Nh5 8. Qd2 f5 9. exf5 gxf5 10. 0-0-0 Na6 11. Bd3 Nc5 12. Bc2 Qh4 13. b3 Qf6 14. Nge2 Bd7 15. h3 f4 16. Bxc5 dxc5 17. Ne4 Qa6 18. Kb1 Qa3 19. Qc1 Qxc1+ 1/2-1/2

[Event "Ruhrgebiet VK2 0304"]
[Site "Ruhrgebiet"]
[Date "2004.01.04"]
[Round "5.4"]
[White "Hackbusch, Joern"]
[Black "Hufelschulte, Norbert"]
[Result "1/2-1/2"]
[WhiteElo "2035"]
[BlackElo "2027"]
[PlyCount "99"]
[EventDate "2003.09.28"]
[EventType "team"]
[EventRounds "9"]
[EventCountry "GER"]
[SourceTitle "EXT 2007"]
[Source "ChessBase"]
[SourceDate "2006.11.23"]
[SourceVersion "1"]
[SourceVersionDate "2006.11.23"]
[SourceQuality "1"]
[WhiteTeam "Dortmund Hansa III"]
[BlackTeam "Hamm 1911"]
[WhiteTeamCountry "GER"]
[BlackTeamCountry "GER"]

1. e4 c5 2. c3 e5 3. Nf3 Nc6 4. Bc4 Qc7 5. Qb3 d6 6. Ng5 Nd8 7. d4 h6 8. Nf3 a6 9. a4 Nf6 10. 0-0 Nc6 11. Bd5 Na5 12. Qd1 Bg4 13. Nbd2 Be7 14. Re1 0-0 15. Nf1 Nxd5 16. exd5 exd4 17. cxd4 cxd4 18. Qd3 Bf6 19. N3d2 Rfe8 20. Ne4 Be7 21. Qg3 h5 22. Bf4 Qb6 23. Qd3 Qb3 24. Qxd4 Qc4 25. Qxc4 Nxc4 26. b3 Ne5 27. Ne3 Bd7 28. Rac1 Nd3 29. Rc7 Nxe1 30. Rxd7 Nd3 31. Bxd6 Bxd6 32. Nxd6 Red8 33. Rxd8+ Rxd8 34. Nxb7 Rd7 35. Na5 Ne5 36. Kf1 Ng4 37. Nac4 Nxh2+ 38. Ke2 Ng4 39. Nb6 Rd8 40. Nxg4 hxg4 41. Kd3 Kf8 42. Kc4 Re8 43. Kc5 Re2 44. Kc6 Rxf2 45. d6 Rxg2 46. Nc4 Rg1 47. Kc7 g3 48. d7 Rd1 49. Nd6 Rc1+ 50. Nc4 1/2-1/2